Komplikované vzťahy v práci manažéra

Je možné, aby manažér bol "zadobre" aj s nadriadenými aj podriadenými? Je možné, aby robil také rozhodnutia, ktoré mu vnútorne vyhovujú a zároveň sú prospešné pre podnik? Politické správanie. Deštruktívne správanie zamestnancov a postoj manažéra.

Gespeichert in:
Bibliographische Detailangaben
1. Verfasser: Rolková, Monika
Format: Buchkapitel
Sprache:Slowakisch
Schlagworte:
Tags: Tag hinzufügen
Keine Tags, Fügen Sie das erste Tag hinzu!

MARC

LEADER 00000naa a2200000 4500
001 0223492
005 20161017110249.5
041 0 |a slo 
044 |a SK 
245 1 0 |a Komplikované vzťahy v práci manažéra  |c Monika Rolková 
520 |a Je možné, aby manažér bol "zadobre" aj s nadriadenými aj podriadenými? Je možné, aby robil také rozhodnutia, ktoré mu vnútorne vyhovujú a zároveň sú prospešné pre podnik? Politické správanie. Deštruktívne správanie zamestnancov a postoj manažéra. 
610 2 0 |a manažéri 
610 2 0 |a rozhodovanie manažérske 
610 2 0 |a zamestnanci 
100 1 |a Rolková, Monika